monologue from a few good men - Statistics

General Stats
  • This quiz has been taken 35 times
  • The average score is 141 of 228
Answer Stats
Answer % Correct
i
100%
the
100%
you
100%
a
95%
can
95%
can't
89%
and
84%
handle
84%
me
84%
then
84%
truth
84%
in
79%
that
79%
want
79%
do
74%
have
74%
i'm
74%
be
68%
by
68%
don't
68%
it
68%
know
68%
men
68%
my
68%
think
68%
to
68%
what
68%
entitled
63%
than
63%
way
63%
we
63%
are
58%
at
58%
code
58%
damn
58%
of
58%
on
58%
wall
58%
who
58%
about
53%
as
53%
for
53%
give
53%
live
53%
need
53%
talk
53%
with
53%
answers
47%
guarded
47%
guns
47%
has
47%
like
47%
son
47%
those
47%
under
47%
walls
47%
while
47%
who's
47%
world
47%
your
47%
because
42%
deep
42%
down
42%
either
42%
gonna
42%
greater
42%
just
42%
man
42%
not
42%
parties
42%
provide
42%
weinberg
42%
which
42%
blanket
37%
existence
37%
lieutenant
37%
lives
37%
manner
37%
saves
37%
thank
37%
them
37%
these
37%
use
37%
very
37%
words
37%
curse
32%
death
32%
i'd
32%
knowing
32%
loyalty
32%
luxury
32%
marines
32%
neither
32%
nor
32%
places
32%
possibly
32%
responsibility
32%
santiago
32%
santiago's
32%
saved
32%
something
32%
stand
32%
time
32%
tragic
32%
weep
32%
explain
26%
fathom
26%
freedom
26%
grotesque
26%
inclination
26%
myself
26%
post
26%
probably
26%
punchline
26%
questions
26%
rather
26%
said
26%
sleeps
26%
suggest
26%
up
26%
weapon
26%
went
26%
backbone
21%
incomprehensible
21%
life
21%
otherwise
21%
rises
21%
defending
16%
pick
16%
spent
16%
honour
11%
No matching quizzes found
Score Distribution
Percent of People with Each Score
Percentile by Number Answered
Your Score History
You have not taken this quiz